000 00599nam a2200217Ia 4500
003 OSt
005 20240413115920.0
008 210210b2000 xxu||||| |||| 00| 0 eng d
020 _a81 260 0936 5
040 _cAL
041 _aKannada
082 _aK894.9 DESA
100 _aDESHPANDE (G T).
_dದೇಶಪಾಂಡೆ (ಜಿ ಟಿ )
_9160009
245 _aAbhinavagupta.
_bಅಭಿನವ ಗುಪ್ತ
260 _aN D
_bSahitya Akademi
_c2000
300 _a196
650 _aBalasubrahmanya En.
_9160010
690 _aKannada Criticism
_9160011
906 _a060416
942 _2ddc
_cBK
999 _c107315
_d107315